000 00534nam a2200169 i 4500
001 56955
003 ES-MaACL
005 20230906163502.0
007 t|
008 031014s1959 sp ||||1| spa d
100 1 _aDobraczynski, Jan.
_944941
245 1 3 _aLa santa espada /
_cJan Dobraczynski ; traducción directa de Ana Mª Rodón Klemensiewicz.
260 _aBarcelona :
_bHerder,
_c1959 (
_fGrafesa)
300 _a423 p. ;
_c20 cnm.
700 1 _aRodón Klemensiewicz, Ana María.
_998163
852 _aES-MaACL
_jC-17561
_bR.44388
999 _c56955
_d56955